00331nam a22001217a 450000500170000002000230001703500220004003700130006210000190007524500570009426000330015130000250018420180821135829.0 a8185070946c695.00 aB-160339,B-160344 aDPLbENG aPrabha, Neelam aAutomation in academic libraries /cby Neelam Prabha aAgrabY. K. Publishersc2004 axxxi, 336p.c18 cms.